Premier League Shirt Sponsors Quiz Stats

Quiz not verified by Sporcle

Challenge
Share
Tweet
Embed
Score 0/20 Timer 06:00
0 Plays Today
Team Sponsor % Correct
Manchester UnitedAIG
79.8%
ArsenalFly Emirates
76.7%
LiverpoolCarlsberg
75%
ChelseaSamsung
74.2%
EvertonChang
54.8%
Manchester CityEtihad Airways
41.3%
Tottenham HotspurMansion
38.7%
Aston VillaAcorns
30.8%
FulhamLG
26.7%
Blackburn RoversCrown Paints
25.5%
Team Sponsor % Correct
Stoke CityBritannia
24.8%
West Ham UnitedSbobet
21%
PortsmouthJobsite
16.8%
SunderlandBoylesports
16.1%
Birmingham CityF&C Investments
15%
WolvesSportingbet
11%
BurnleyCooke
8.9%
Bolton Wanderers118 Bet
7.9%
Wigan Athletic118 Bet
7.9%
Hull City Totesport
7.5%

You're not logged in!

Compare scores with friends on all Sporcle quizzes.
Sign Up with Email
OR
Log In

You Might Also Like...

Show Comments

Extras

Top Quizzes Today


Score Distribution

Your Account Isn't Verified!

In order to create a playlist on Sporcle, you need to verify the email address you used during registration. Go to your Sporcle Settings to finish the process.

Report this User

Report this user for behavior that violates our Community Guidelines.

Details: